LEADER 01002nam a2200217 i 4500 001 000000175282 003 CaOOAMICUS 005 20230221100112.0 008 081029s1915 it u000 u ita u 040 $aSeMil$bita 100 1 $aPascal, Carlo,$d<1866-1926>.$0(OLS)http://semarc/name/8145 245 10$aFlorilegio di Poesia Latina :$bad uso del Ginnasio Sup. e del 1° corso Liceale /$cCarlo Pascal Prof. Ord. di Letteratura Latina nella R. Università di Pavia. 250 $a2. edizione accresciuta. 264 1$aCatania :$bFrancesco Battiato,$c1915. 300 $aVII, 260 p. ;$c21 cm. 650 4$aPoesia latina.$0(OLS)http://semarc/subject/39437 850 $aSeMil 852 $aSeMil$W1$xVenegono$y1$m1Z III 94$j237386$B126105$CSeMilBibl$Z2$F136812 $81 996 $6245$aFlorilegio di Poesia Latina :$bad uso del Ginnasio Sup. e del 1° corso Liceale$9(OLS)http://semarc/title/251379 996 $6264$aCatania :$bFrancesco Battiato$9(OLS)http://semarc/publisher/34754 LEADER 01231nam a2200217 i 4500 001 000000239841 003 CaOOAMICUS 005 20150319000000.0 008 150319s1732 it u000 u fre u 013 $a218746 026 $aD.DE ,&de i-e, s'de (3) 1732 (R) 040 $aSeMil$bita 245 10$aTome 1. 300 $aLXXXIV, 492 p., 5 carte di tav. di cui 4 ripieg. :$bantip., ritr., c. geogr. 500 $aSegn. :*-3*12 4*6 A-V12 X6. - Antip., fregio sul front. e stemma a c. *2 incisi da B. Picart. - Ritr. inciso da I. Folkema. 700 1 $aPicart, Bernard .$0(OLS)http://semarc/name/5377 700 1 $aFolkema, Jacob .$0(OLS)http://semarc/name/74776 773 0 $aPufendorf, Samuel : von <1632-1694>$tIntroduction a l'histoire generale et politique de l'univers; où l'on voit l'origine, les révolutions, l'état présent, & les interêts des souverains. Par mr. le baron de Pufendorff ... Tome 1. [-7.].$bNouvelle edition, plus ample & plus correcte ...$dA Amsterdam : Chez Zacharie Chatelain, 1732.$g1$w()31598 850 $aSeMil 852 $aSeMil$W1$xVenegono$y1$m3E I 114 FA$j190187$B190187$CSeMilBibl$Z2$F201034 $8I 996 $6245$aTome 1$9(OLS)http://semarc/title/1447